Statistics for Countries of Europe by first two letters

Click here to take the quiz!

General Stats

  • This quiz has been taken 80 times
  • The average score is 43 of 45

Answers on the Map

Answers color-coded by a green-red scale on the quiz's map according to % correct below.
 

Answer Stats

Country% Correct
Fi
100%
Ic
100%
Po
100%
Po
100%
Ru
100%
Be
99%
Be
99%
De
99%
Fr
99%
Ge
99%
Gr
99%
Ir
99%
It
99%
Lu
99%
No
99%
No
99%
Sp
99%
Sw
99%
Sw
99%
Ne
97%
Ro
97%
Uk
97%
UK
97%
Es
96%
Hu
96%
Li
96%
Li
96%
Sl
96%
Sl
96%
Al
95%
An
95%
Au
95%
Bo
95%
Cr
95%
Cz
95%
La
95%
Mo
95%
Mo
95%
Mo
95%
Va
95%
Bu
93%
Ma
93%
Sa
93%
Se
93%
Ko
92%

Score Distribution

Percentile by Number Answered

Percent of People with Each Score

Your Score History

You have not taken this quiz